| 000 | 00438nam a2200181Ia 4500 | ||
|---|---|---|---|
| 001 | 1712 | ||
| 003 | GE_BSU | ||
| 008 | 181216s||||||||xx |||||||||||||| ||und|| | ||
| 020 | _a9789941914386 | ||
| 040 | _cGE_BSU | ||
| 100 | _aჩიქობავა არნოლდ | ||
| 245 | _aშრომები II | ||
| 260 | _aთბილისი | ||
| 260 | _c2010 | ||
| 300 | _a432გვ. 24 სმ. | ||
| 541 | _h25ლ. | ||
| 942 | _cBK | ||
| 999 |
_c35823 _d35823 |
||